Name a Minecraft Block A-Z - Statistics

General Stats
  • This quiz has been taken 150 times
  • The average score is 13 of 24
Answer Stats
Letter Blocks % Correct
B Bedrock | Bookshelf | Beacon | 96 more...
91%
C Cobblestone | Crafting Table | Chest | 80 more...
87%
D Dirt | Deepslate | Diamond Ore | 64 more...
86%
G Grass Block | Gravel | Glowstone | 35 more...
86%
S Stone | Sand | Snow Block | 89 more...
77%
A Acacia Log | Ancient Debris | Andesite | 23 more...
74%
O Oak Log | Obsidian | Oxidized Copper | 33 more...
68%
L Lava | Lectern | Lantern | 49 more...
65%
E End Stone | Emerald Ore | Enchanting Table | 11 more...
63%
W Water | White Wool | Wet Sponge | 52 more...
59%
I Ice | Iron Ore | Infested Stone | 9 more...
57%
M Magma Block | Mycelium | Mud | 47 more...
55%
P Piston | Prismarine | Pink Wool | 72 more...
55%
R Rail | Red Sand | Respawn Anchor | 33 more...
55%
N Netherrack | Nether Bricks | Note Block | 9 more...
48%
F Furnace | Farmland | Fern | 9 more...
47%
J Jungle Log | Jukebox | Jack o' Lantern | 14 more...
38%
T TNT | Torch | Tuff | 13 more...
37%
Y Yellow Wool | Yellow Concrete | Yellow Bed | 9 more...
34%
H Hay Bale | Honey Block | Hopper | 6 more...
30%
Q Quartz Slab | Quartz Stairs | Quartz Pillar | 1 more...
23%
K Kelp
16%
V Verdant Froglight | Vines
9%
Z Zombie Head
8%
No matching quizzes found
Score Distribution
Percent of People with Each Score
Percentile by Number Answered
Your Score History
You have not taken this quiz